Catálogo público

El arte del pensamiento positivo / (Record no. 219847)

MARC details
000 -CABECERA
campo de control de longitud fija 02216nam a2200289 4500
003 - IDENTIFICADOR DEL NÚMERO DE CONTROL
campo de control OSt
005 - FECHA Y HORA DE LA ÚLTIMA TRANSACCIÓN
campo de control 20240412112848.0
008 - DATOS DE LONGITUD FIJA--INFORMACIÓN GENERAL
campo de control de longitud fija 240412s2021 mx |||f |||| 001 0 spa d
020 ## - NÚMERO INTERNACIONAL ESTÁNDAR DEL LIBRO
Número Internacional Estándar del Libro 7502275673345 (ISBN en trámite)
040 ## - FUENTE DE LA CATALOGACIÓN
Normas de descripción rda
Centro/agencia transcriptor CHAP
082 00 - NÚMERO DE LA CLASIFICACIÓN DECIMAL DEWEY
Número de edición 22
Número de clasificación 158.1
Número de documento/Ítem M21 2021
100 1# - ENTRADA PRINCIPAL--NOMBRE DE PERSONA
9 (RLIN) 188939
Nombre de persona Mahaprajna, Acharya Shri
245 13 - MENCIÓN DE TÍTULO
Título El arte del pensamiento positivo /
Mención de responsabilidad, etc. por Acharya Shri Mahaprajna
250 ## - MENCIÓN DE EDICIÓN
Mención de edición Segunda edición
264 ## - PRODUCCIÓN, PUBLICACIÓN, DISTRIBUCIÓN, FABRICACIÓN Y COPYRIGHT
Producción, publicación, distribución, fabricación y copyright México:
Nombre del de productor, editor, distribuidor, fabricante Prana,
Fecha de producción, publicación, distribución, fabricación o copyright 2021.
300 ## - DESCRIPCIÓN FÍSICA
Extensión 335 páginas :
Otras características físicas Sin ilustraciones
336 ## - TIPO DE CONTENIDO
Fuente rdacontent
Término de tipo de contenido texto
Código de tipo de contenido txt
337 ## - TIPO DE MEDIO
Fuente rdamedia
Nombre/término del tipo de medio sin medio
Código del tipo de medio n
338 ## - TIPO DE SOPORTE
Fuente rdacarrier
Nombre/término del tipo de soporte volumen
Código del tipo de soporte nc
504 ## - NOTA DE BIBLIOGRAFÍA, ETC.
Nota de bibliografía, etc. Incluye índice
520 ## - SUMARIO, ETC.
Sumario, etc. "La verdadera grandeza descansa en ser amable. La verdadera sabiduría en una mente feliz..." El hombre es un ser vivo provisto de una mente cuya función es generar pensamientos que influyen en el funcionamiento cuerpo. Un estudio sobre la mutua interdependencia entre el cuerpo y la mente revela que cuando el pensamiento de un hombre es positivo y constructivo, su cuerpo también se mantiene en perfectas condiciones, pero si su pensamiento es negativo o destructivo, entonces el cuerpo funciona mal. El pensamiento constructivo, además, ayuda a mejorar las relaciones sociales y humanas, y, por consiguiente, se despeja el camino hacia el desarrollo y el progreso. El arte del pensamiento positivo es la obra que recopila los discursos cotidianos del Acharya Shri Mahaprajna; un meticuloso esfuerzo del maestro jainista por dejar un profundo impacto que haga reflexionar al lector en lo importante que es liberarse del miedo: el miedo a la enfermedad, el miedo a envejecer, el miedo a la muerte, el miedo al olvido, el miedo a la locura; a través de técnicas que permitan la purificación del corazón y de la mente. Un libro que ofrece al lector una refrescante inmersión en el purificante torrente del pensamiento, guiándolo hacia su total autorrealización.
534 ## - NOTA SOBRE LA VERSIÓN ORIGINAL
Frase introductoria Título original:
Mención de título del original The Art of Positive Thinking
650 #0 - PUNTO DE ACCESO ADICIONAL DE MATERIA--TÉRMINO DE MATERIA
9 (RLIN) 157154
Término de materia o nombre geográfico como elemento de entrada Técnicas de autoayuda
650 #4 - PUNTO DE ACCESO ADICIONAL DE MATERIA--TÉRMINO DE MATERIA
9 (RLIN) 153263
Término de materia o nombre geográfico como elemento de entrada Superación personal
Subdivisión general Aspectos psicológicos
650 #4 - PUNTO DE ACCESO ADICIONAL DE MATERIA--TÉRMINO DE MATERIA
9 (RLIN) 79090
Término de materia o nombre geográfico como elemento de entrada Motivación (Psicología)
942 ## - ELEMENTOS DE PUNTO DE ACCESO ADICIONAL (KOHA)
Fuente del sistema de clasificación o colocación Dewey Decimal Classification
Tipo de ítem Koha Libro
Holdings
Estado de retiro Estado de pérdida Fuente del sistema de clasificación o colocación Estado dañado Restricciones de uso No para préstamo Código de colección Localización permanente Ubicación/localización actual Fecha de adquisición Total de préstamos Signatura topográfica completa Código de barras Fecha visto por última vez Precio válido a partir de Tipo de ítem Koha
    Dewey Decimal Classification   Préstamo 15 días   General Biblioteca Central Biblioteca Central 12/04/2024   158.1 M21Y 2021 33724002584845 12/04/2024 12/04/2024 Libro